Ramante Dukkavum Prathikaranangalum (Record no. 95807)

MARC details
000 -LEADER
fixed length control field 00478nam a2200181Ia 4500
003 - CONTROL NUMBER IDENTIFIER
control field OSt
005 - DATE AND TIME OF LATEST TRANSACTION
control field 20220401052225.0
008 - FIXED-LENGTH DATA ELEMENTS--GENERAL INFORMATION
fixed length control field 211118s9999||||xx |||||||||||||| ||und||
040 ## - CATALOGING SOURCE
Transcribing agency sbcl
082 ## - DEWEY DECIMAL CLASSIFICATION NUMBER
Classification number 894.8124
Item number VEE-R
100 ## - MAIN ENTRY--PERSONAL NAME
Personal name Veerandrakumar, M P
245 #0 - TITLE STATEMENT
Title Ramante Dukkavum Prathikaranangalum
260 ## - PUBLICATION, DISTRIBUTION, ETC.
Name of publisher, distributor, etc. Mathrubhoomi Pub
Place of publication, distribution, etc. Calicut
Date of publication, distribution, etc. 1998
300 ## - PHYSICAL DESCRIPTION
Extent 125p
630 ## - SUBJECT ADDED ENTRY--UNIFORM TITLE
General subdivision General Stack
650 ## - SUBJECT ADDED ENTRY--TOPICAL TERM
Topical term or geographic name entry element Malayalam Literature
942 ## - ADDED ENTRY ELEMENTS (KOHA)
Koha item type BOOK
650 ## - SUBJECT ADDED ENTRY--TOPICAL TERM
Form subdivision Malayalam EssaysGeneralia
Holdings
Withdrawn status Lost status Source of classification or shelving scheme Damaged status Not for loan Home library Current library Date acquired Cost, normal purchase price Full call number Barcode Shelving location Date last seen Price effective from Koha item type
    Dewey Decimal Classification     SB LIBRARY SB LIBRARY 18/11/2021 48.00 894.8124 VEE-R 00100966 GENERAL STACK 18/11/2021 18/11/2021 BOOK

Powered by Koha